COMPUTER SECURITY FUNDAMENTALS / (Record no. 588243)
[ view plain ]
| 000 -LEADER | |
|---|---|
| fixed length control field | 00320nam a22001217a 4500 |
| 020 ## - INTERNATIONAL STANDARD BOOK NUMBER | |
| Qualifying information | PB. |
| 040 ## - CATALOGING SOURCE | |
| Transcribing agency | FIZZA ISHAQ |
| 082 ## - DEWEY DECIMAL CLASSIFICATION NUMBER | |
| Classification number | 005.8 |
| Author Mark | WIL |
| 100 ## - MAIN ENTRY--PERSONAL NAME | |
| Personal name | EASTTOM,CHUCK WILLIAM. |
| 9 (RLIN) | 89564 |
| 245 ## - TITLE STATEMENT | |
| Title | COMPUTER SECURITY FUNDAMENTALS / |
| Statement of responsibility, etc. | WILLIAM CHUCK EASTTOM. |
| 260 ## - PUBLICATION, DISTRIBUTION, ETC. | |
| Place of publication, distribution, etc. | NEW YORK ; |
| Name of publisher, distributor, etc. | PEARSON, |
| Date of publication, distribution, etc. | 2020. |
| 942 ## - ADDED ENTRY ELEMENTS (KOHA) | |
| Source of classification or shelving scheme | |
| Koha item type | Book |
| Withdrawn status | Lost status | Source of classification or shelving scheme | Damaged status | Not for loan | Permanent Location | Current Location | Date acquired | Total Checkouts | Full call number | Barcode | Date last seen | Date last checked out | Price effective from | Koha item type |
|---|---|---|---|---|---|---|---|---|---|---|---|---|---|---|
| NUST Baluchistan Campus (NBC) | NUST Baluchistan Campus (NBC) | 02/24/2022 | 3 | 005.8 WIL | Q-2587 | 08/03/2023 | 08/03/2023 | 02/24/2022 | Book |
